000 00463nam a2200169Ia 4500
008 230917s9999||||xx |||||||||||||| ||und||
020 _cRS 525.00
040 _e5015222
_aMAIN
041 _aEnglish
082 _a338.4791 D571T
100 _aDileep, M R
245 0 _aTourism: Concepts, theory and practice
260 _aNew Delhi
_bI K International
_c2019
300 _axvi, 426 p.
500 _a4475 22/01/2022 HBD22/9299 04/03/2022 IHTM (SFS)
942 _cBK
999 _c5071
_d5071